[Event "EU-ch Blitz"]
[Site "Zagreb"]
[Date "2023.12.16"]
[Round "2"]
[White "Filipovic, Miroslav"]
[Black "Alexakis, Dimitris"]
[Result "0-1"]
[WhiteElo "1979"]
[BlackElo "2462"]
[PlyCount "59"]
[EventDate "2023.12.16"]
[EventType "swiss (blitz)"]
[EventRounds "13"]
[EventCountry "CRO"]
[SourceTitle "CB51_2023"]
[SourceDate "2023.12.20"]
[SourceVersion "1"]
[SourceVersionDate "2023.12.20"]
[SourceQuality "1"]

1. e4 c5 2. d4 cxd4 3. c3 d3 4. c4 Nc6 5. Bxd3 g6 6. Nf3 Bg7 7. Nc3 d6 8. h3 Nf6 9. 0-0 0-0 10. Be3 Be6 11. Rc1 Nd7 12. b3 a5 13. Nd5 a4 14. Qe2 Nc5 15. Bxc5 dxc5 16. Rfd1 axb3 17. axb3 Nd4 18. Nxd4 Bxd4 19. Rb1 Bd7 20. b4 e6 21. Ne3 b6 22. b5 Bc8 23. Kh1 Bb7 24. Bc2 Ra2 25. Rd2 Qg5 26. Ng4 Qf4 27. Rf1 Rfa8 28. Nh2 R8a3 29. Nf3 Rxf3 30. gxf3 0-1

[Event "CRO-chT2S"]
[Site "Makarska"]
[Date "2013.04.07"]
[Round "3.4"]
[White "Susovic, Hrvoje"]
[Black "Filipovic, Miroslav"]
[Result "0-1"]
[WhiteElo "1954"]
[BlackElo "2123"]
[PlyCount "83"]
[EventDate "2013.04.05"]
[EventType "team-tourn"]
[EventRounds "9"]
[EventCountry "CRO"]
[SourceTitle "EXT 2014"]
[Source "ChessBase"]
[SourceDate "2013.11.20"]
[SourceVersion "1"]
[SourceVersionDate "2013.11.20"]
[SourceQuality "1"]
[WhiteTeam "Mravince II"]
[BlackTeam "Makarska"]
[WhiteTeamCountry "CRO"]
[BlackTeamCountry "CRO"]

1. e4 d6 2. d4 Nf6 3. Bd3 g6 4. Nf3 Bg7 5. 0-0 0-0 6. c3 Nbd7 7. h3 e5 8. Be3 Qe7 9. Nbd2 Nh5 10. Re1 c5 11. Rc1 Re8 12. a4 Nf8 13. d5 Nf4 14. Bf1 f6 15. Kh2 g5 16. g3 N4g6 17. Nc4 h6 18. Qc2 Rd8 19. Bd2 Qf7 20. Ne3 Ne7 21. b4 b6 22. bxc5 bxc5 23. g4 Nfg6 24. Nf5 Nf4 25. Nxe7+ Qxe7 26. Bxf4 exf4 27. Nd2 f3 28. Nxf3 h5 29. gxh5 Qf7 30. Ng1 Qxh5 31. Qd1 Qh4 32. Qf3 Rb8 33. Qg3 Qh6 34. Kg2 f5 35. exf5 Bxf5 36. Nf3 Bf6 37. h4 g4 38. Ng5 Bxg5 39. hxg5 Qxg5 40. f4 Qf6 41. Bd3 Rb2+ 42. Rc2 0-1

[Event "EU-ch 10th"]
[Site "Budva"]
[Date "2009.03.14"]
[Round "8"]
[White "Filipovic, Miroslav"]
[Black "Rabrenovic, Milinko"]
[Result "0-1"]
[WhiteElo "2121"]
[BlackElo "2257"]
[PlyCount "70"]
[EventDate "2009.03.06"]
[EventType "swiss"]
[EventRounds "11"]
[EventCountry "MNE"]
[SourceTitle "CBM 130"]
[Source "ChessBase"]
[SourceDate "2009.05.20"]
[SourceVersion "1"]
[SourceVersionDate "2009.05.20"]
[SourceQuality "1"]

1. e4 c5 2. d4 cxd4 3. c3 dxc3 4. Nxc3 Nc6 5. Nf3 e6 6. Bc4 d6 7. 0-0 Be7 8. Qe2 Nf6 9. Rd1 e5 10. h3 0-0 11. Be3 Be6 12. Bxe6 fxe6 13. b4 Nxb4 14. Rab1 Qa5 15. Qb2 Nc6 16. Qxb7 Rfc8 17. Qb3 d5 18. Nxd5 exd5 19. exd5 Rab8 20. Qc4 Nb4 21. Qh4 Nbxd5 22. Rxb8 Rxb8 23. Qc4 Qb5 24. Qc1 Nxe3 25. Qxe3 e4 26. Ne1 Bc5 27. Qf4 Rf8 28. Qd2 Bb6 29. Qc2 h6 30. a4 Qg5 31. Rb1 e3 32. Nf3 exf2+ 33. Kf1 Qe3 34. Rb3 Qe4 35. Qc1 Nd5 0-1

[Event "EU-ch 10th"]
[Site "Budva"]
[Date "2009.03.06"]
[Round "1"]
[White "Berczes, David"]
[Black "Filipovic, Miroslav"]
[Result "1-0"]
[WhiteElo "2513"]
[BlackElo "2121"]
[PlyCount "67"]
[EventDate "2009.03.06"]
[EventType "swiss"]
[EventRounds "11"]
[EventCountry "MNE"]
[SourceTitle "CBM 130"]
[Source "ChessBase"]
[SourceDate "2009.05.20"]
[SourceVersion "1"]
[SourceVersionDate "2009.05.20"]
[SourceQuality "1"]

1. d4 Nf6 2. c4 g6 3. Nc3 Bg7 4. e4 d6 5. Nf3 0-0 6. Be2 e5 7. Be3 Nc6 8. d5 Ne7 9. Nd2 Ne8 10. 0-0 f5 11. f3 f4 12. Bf2 g5 13. c5 Ng6 14. Nc4 Rf7 15. a4 Bf8 16. cxd6 Nxd6 17. a5 h5 18. Kh1 Rg7 19. Nxd6 cxd6 20. Nb5 Bd7 21. a6 b6 22. Rc1 Bc8 23. Na3 Bd7 24. Rc3 Rc8 25. Rxc8 Bxc8 26. Qa4 g4 27. Rc1 Nh4 28. Rxc8 Qxc8 29. Bxh4 Qc1+ 30. Qd1 Rc7 31. Nb5 Rc5 32. Nc3 Qe3 33. Qe1 g3 34. hxg3 1-0

[Event "Dubrovnik op"]
[Site "Dubrovnik"]
[Date "2008.04.24"]
[Round "5"]
[White "Filipovic, Miroslav"]
[Black "Bender, Ivan"]
[Result "1/2-1/2"]
[WhiteElo "2146"]
[BlackElo "2337"]
[PlyCount "88"]
[EventDate "2008.04.24"]
[EventType "swiss"]
[EventRounds "7"]
[EventCountry "CRO"]
[SourceTitle "CBM 124 Extra"]
[Source "ChessBase"]
[SourceDate "2008.07.03"]
[SourceVersion "1"]
[SourceVersionDate "2008.07.03"]
[SourceQuality "1"]

1. e4 c5 2. d4 cxd4 3. c3 dxc3 4. Nxc3 e6 5. Nf3 a6 6. Bd3 d6 7. 0-0 Nf6 8. Qe2 Be7 9. Rd1 Nbd7 10. a4 Qa5 11. Bf4 0-0 12. h3 h6 13. g4 Nc5 14. Bxd6 Bxd6 15. e5 Be7 16. exf6 Bxf6 17. Ne4 Nxe4 18. Qxe4 Rd8 19. Bc2 g6 20. Rxd8+ Qxd8 21. Rd1 Qc7 22. b3 Bd7 23. Qe2 b5 24. axb5 Bxb5 25. Bd3 Rb8 26. Bxb5 Rxb5 27. Rd3 Qb7 28. Qe3 Kg7 29. Nd4 Re5 30. Qf3 Qb6 31. Ne2 Qb4 32. Re3 Ra5 33. Nf4 Bg5 34. Nxe6+ fxe6 35. Rxe6 Ra1+ 36. Kg2 Re1 37. Rxa6 Qe4 38. Ra7+ Be7 39. Qxe4 Rxe4 40. Rb7 Kf6 41. Kf3 Rb4 42. Rxb4 Bxb4 43. Ke4 g5 44. f4 gxf4 1/2-1/2

[Event "Dubrovnik op"]
[Site "Dubrovnik"]
[Date "2008.04.24"]
[Round "7"]
[White "Filipovic, Miroslav"]
[Black "Kadric, Denis"]
[Result "1/2-1/2"]
[WhiteElo "2146"]
[BlackElo "1844"]
[PlyCount "56"]
[EventDate "2008.04.24"]
[EventType "swiss"]
[EventRounds "7"]
[EventCountry "CRO"]
[SourceTitle "CBM 124 Extra"]
[Source "ChessBase"]
[SourceDate "2008.07.03"]
[SourceVersion "1"]
[SourceVersionDate "2008.07.03"]
[SourceQuality "1"]

1. e4 c5 2. d4 cxd4 3. c3 Nf6 4. e5 Nd5 5. Nf3 Nc6 6. cxd4 d6 7. Bc4 Nb6 8. Bb5 dxe5 9. Nxe5 Bd7 10. Nxd7 Qxd7 11. Nc3 e6 12. 0-0 Be7 13. Be3 0-0 14. Rc1 Rac8 15. a3 Rfd8 16. Qh5 Nd5 17. Nxd5 Qxd5 18. Qxd5 Rxd5 19. Bxc6 bxc6 20. Rc4 Bf6 21. b4 Rcd8 22. Rxc6 Bxd4 23. Bxd4 Rxd4 24. g3 Kf8 25. Rfc1 Rd1+ 26. Rxd1 Rxd1+ 27. Kg2 Rd7 28. Rc3 Ke7 1/2-1/2

[Event "Dalmatia Cup"]
[Site "Sv Filip i Jakov"]
[Date "2001.??.??"]
[Round "3"]
[White "Biliskov, Vjekoslav"]
[Black "Filipovic, Miroslav"]
[Result "1-0"]
[WhiteElo "2321"]
[BlackElo "2180"]
[PlyCount "55"]
[EventDate "2001.??.??"]
[EventType "team"]
[EventRounds "5"]
[EventCountry "CRO"]
[SourceTitle "EXT 2002"]
[Source "ChessBase"]
[SourceDate "2001.11.25"]
[SourceVersion "1"]
[SourceVersionDate "2001.11.25"]
[SourceQuality "1"]

1. d4 Nf6 2. Nf3 g6 3. c4 Bg7 4. g3 0-0 5. Bg2 c6 6. Nc3 d6 7. 0-0 Nbd7 8. e4 e5 9. h3 Re8 10. Be3 Qe7 11. Qc2 Qf8 12. Rfd1 a6 13. b4 Bh6 14. Bxh6 Qxh6 15. dxe5 Nxe5 16. Rxd6 Nxf3+ 17. Bxf3 Kg7 18. Qb2 Re6 19. Rad1 Qxh3 20. Ne2 g5 21. Rd8 Kg6 22. Bg2 Qh5 23. f4 Kh6 24. f5 Ng4 25. fxe6 Qh2+ 26. Kf1 Ne3+ 27. Kf2 Nxg2 28. Qf6+ 1-0

[Event "Dalmatia Cup"]
[Site "Sv Filip i Jakov"]
[Date "2001.??.??"]
[Round "1"]
[White "Marinic Kragic, Miroslav"]
[Black "Filipovic, Miroslav"]
[Result "1/2-1/2"]
[WhiteElo "2176"]
[BlackElo "2180"]
[PlyCount "26"]
[EventDate "2001.??.??"]
[EventType "team"]
[EventRounds "5"]
[EventCountry "CRO"]
[SourceTitle "EXT 2002"]
[Source "ChessBase"]
[SourceDate "2001.11.25"]
[SourceVersion "1"]
[SourceVersionDate "2001.11.25"]
[SourceQuality "1"]

1. e4 e5 2. Nf3 Nc6 3. Bc4 Nf6 4. Nc3 Bc5 5. Nd5 d6 6. d3 h6 7. h3 Be6 8. c3 Bxd5 9. exd5 Ne7 10. Bb5+ c6 11. dxc6 bxc6 12. Ba4 0-0 13. 0-0 a5 1/2-1/2

[Event "Zagreb op"]
[Site "Zagreb"]
[Date "1998.01.07"]
[Round "5"]
[White "Filipovic, Miroslav"]
[Black "Sitnik, Igor"]
[Result "0-1"]
[WhiteElo "2190"]
[BlackElo "2255"]
[PlyCount "127"]
[EventDate "1998.01.03"]
[EventType "swiss"]
[EventRounds "9"]
[EventCountry "CRO"]
[SourceTitle "CBM 062 Extra"]
[Source "ChessBase"]
[SourceDate "1998.03.09"]
[SourceVersion "1"]
[SourceVersionDate "1998.03.09"]
[SourceQuality "1"]

1. d4 d5 2. c4 e6 3. Nf3 Nf6 4. g3 Be7 5. Bg2 0-0 6. 0-0 Nbd7 7. b3 c6 8. Bb2 b5 9. cxd5 cxd5 10. a3 a5 11. Nc3 Qb6 12. Re1 Bb7 13. e3 Rfc8 14. Nd2 Rc7 15. a4 bxa4 16. Nxa4 Qa7 17. Nc3 Bc6 18. Ra2 Qb6 19. Qa1 Bb4 20. Rc1 Rac8 21. Bf1 e5 22. Nf3 e4 23. Ne5 Nxe5 24. dxe5 Ng4 25. Bh3 Bd7 26. Ne2 Qh6 27. Bxg4 Bxg4 28. Nf4 Rxc1+ 29. Bxc1 Qc6 30. Bb2 Bf3 31. h4 h6 32. Ng2 g5 33. Qb1 Qc2 34. Ra1 Qxb3 35. Bd4 Qxb1+ 36. Rxb1 Kh7 37. Ra1 Kg6 38. Bb6 Ra8 39. Ne1 Bxe1 40. Rxe1 a4 41. Rc1 a3 42. hxg5 hxg5 43. Kf1 a2 44. Bd4 Kf5 45. Ke1 Kg4 46. Kd2 Kh3 47. Ra1 Kg2 48. Ke1 Ra3 49. Bb2 Rd3 50. Bd4 Kh3 51. Rc1 Kg2 52. Ra1 g4 53. Bb2 Kg1 54. Bd4 Rb3 55. Rxa2 Rb1+ 56. Kd2 Kxf2 57. e6 fxe6 58. Be5 Rd1+ 59. Kc3+ Be2 60. Bd4 Kf3 61. Rc2 Bc4 62. Rh2 Rd3+ 63. Kb2 Rxe3 64. Bxe3 0-1